000 00659nam a2200205 a 4500
005 20220816153515.0
008 140612s2006 es r 000 0 spa d
020 _a8475563996
035 _aUPN01000197824
049 _aCG
050 4 _aTT860
_bB8.2
100 1 _aBurnham, Stephanie
_935679
245 1 0 _a100 diseños para crear joyas con abalorios :
_bguía fácil para hcer collares, colgantes, broches, pendientes, brazaletes y pulseras /
_cStephanie Burnham.
260 _aBarcelona, Esp. :
_bOcéano,
_cc2006.
300 _a144 p. :
_bil. col.
650 7 _aAbalorios
_2
_923170
650 4 _aJOYERIA
_923168
905 _aLibro
999 _c169925
_d169925